000 00745nam a2200217Ia 4500
001 2478
003 GE_BSU
008 181216s||||||||xx |||||||||||||| ||und||
020 _a5511007153
040 _cGE_BSU
080 _a94(470)
100 _aსოხვაძე,ბ.
245 _aრუსეთი XVII საუკუნის დასასრულსა და XVIII საუკუნეში
260 _aთბილისი
260 _bთბილისის უნ–ტის გამ–ბა
260 _c1996
300 _a308 გვ.
541 _h10 ლ.
653 _aრუსეთი VII საუკუნის დასასრულსა და XVIII საუკუნეში
942 _cBK
999 _c36559
_d36559